000 00548cam a2200181 4500
001 4381
005 20181127173305.0
008 070808s2006 bt b 000 0 eng
020 _a9781841622040
_c
_z
043 _aa-bt---
100 1 _aMayhew, Bradley.
245 1 0 _aShangri-la :
_bA Travel guide to the Himalayan dream /
_cMichael Buckley.
260 _a[Bhutan] :
_bn, p.,
_c2011.
300 _a191 p. :
_bcol. maps ;
_c22 cm.
650 _aTravel --Guidebooks.
_v
_x
_y
_z
_2
650 0 _aDay hiking
_zBhutan
_vGuidebooks.
651 0 _aBhutan
_vGuidebooks.
999 _c3622
_d3622